书目信息 |
| 题名: |
发展中国家社会保障制度的建立和完善
|
|
| 作者: | 穆怀中 著 | |
| 分册: | ||
| 出版信息: | 北京 人民出版社 2008 |
|
| 页数: | 337页 | |
| 开本: | 23cm | |
| 丛书名: | 社会保障重大项目文库 | |
| 单 册: | ||
| 中图分类: | D57 | |
| 科图分类: | ||
| 主题词: | 发展中国家--社会保障--制度--研究 , 发展中国家 , 社会保障 | |
| 电子资源: | ||
| ISBN: | 978-7-01-006761-2 | |
| 000 | 01157oam2 2200289 45 | |
| 001 | 1032971578 | |
| 005 | 20100407172115.59 | |
| 010 | @a978-7-01-006761-2@dCNY42.00 | |
| 100 | @a20100331d2008 em y0chiy50 ea | |
| 101 | 0 | @achi |
| 102 | @aCN@b110000 | |
| 105 | @ay z 000yy | |
| 106 | @ar | |
| 200 | 1 | @a发展中国家社会保障制度的建立和完善@AFa Zhan Zhong Guo Jia She Hui Bao Zhang Zhi Du De Jian Li He Wan Shan@f穆怀中等著@FMu Huai Zhong Deng Zhu |
| 210 | @a北京@c人民出版社@d2008 | |
| 215 | @a337页@d23cm | |
| 225 | 2 | @a社会保障重大项目文库 |
| 300 | @a教育部人文社会科学重点研究基地重大项目“发展中国家建立和完善社会保障制度研究”(项目批准号:01JAZJD630003)最终成果 | |
| 330 | @a本书对照中国国情,总结发展中国家社会保障发展的规律性,进一步指导中国社会保障制度的建立与完善,结合中外成功经验,总结中国特色社会保障模式的特征,促进中国社会保障制度的改善和完善。 | |
| 461 | 0 | @12001 @a社会保障重大项目文库 |
| 606 | 0 | @a发展中国家@x社会保障@x制度@x研究 |
| 606 | 0 | @a发展中国家 |
| 606 | 0 | @a社会保障 |
| 690 | @aD57@v4 | |
| 701 | 0 | @a穆怀中@AMu Huai Zhong@f(1957.1~)@4著 |
| 801 | 0 | @aCN@bTANGWEI@c20100407 |
| 905 | @b0586866-70@dD57@e174@f5 | |
| 发展中国家社会保障制度的建立和完善/穆怀中等著.-北京:人民出版社,2008 |
| 337页;23cm.-(社会保障重大项目文库) |
| 教育部人文社会科学重点研究基地重大项目“发展中国家建立和完善社会保障制度研究”(项目批准号:01JAZJD630003)最终成果 |
| ISBN 978-7-01-006761-2:CNY42.00 |
| 本书对照中国国情,总结发展中国家社会保障发展的规律性,进一步指导中国社会保障制度的建立与完善,结合中外成功经验,总结中国特色社会保障模式的特征,促进中国社会保障制度的改善和完善。 |
| ● |
| 相关链接 |
|
|
|
|
正题名:发展中国家社会保障制度的建立和完善
索取号:D57/174
 
预约/预借
| 序号 | 登录号 | 条形码 | 馆藏地/架位号 | 状态 | 备注 |
| 1 | 0586866 | 205868667 | 第一样本阅览室/ [索取号:D57/174] | 在馆 | |
| 2 | 0586867 | 205868676 | 第一借阅区/ [索取号:D57/174] | 在馆 | |
| 3 | 0586868 | 205868685 | 第一借阅区/ [索取号:D57/174] | 在馆 | |
| 4 | 0586869 | 205868694 | 第一借阅区/ [索取号:D57/174] | 在馆 | |
| 5 | 0586870 | 205868701 | 第一借阅区/ [索取号:D57/174] | 在馆 |